000 00464nam a22001817a 4500
005 20260130075747.0
008 260130b |||||||| |||| 00| 0 eng d
040 _aIN-DiNC
_cIN-DiNC
041 _dasm
082 _a202.114
_bMAH
100 _aMahanta, Anup
_eauthor
245 _aKamrup Kamakhya/
_cAnup Mahanta
250 _a1st ed.
260 _aNew Delhi:
_bAnup Mahanta,
_c2016.
300 _a46p.
650 _aFemale Goddesses of Assam
942 _2ddc
_cBK
999 _c12302
_d12302